Investigación y desarrollo del curriculum

Kaydedildi:
Detaylı Bibliyografya
Yazar: Stenhouse, Lawrence (Yazar)
Materyal Türü: Kitap
Dil:İspanyolca
Baskı/Yayın Bilgisi: Madrid Morata 1991
Edisyon:3a. ed
Konular:
Etiketler: Etiketle
Etiket eklenmemiş, İlk siz ekleyin!

MARC

LEADER 00000nam a2200000 a 4500
001 UCH4643
003 CL-VaPUC
008 090827e19910000SP |||||||||||||||||spa|d
020 |a 8471122200 
082 0 4 |a 375.001  |b STE  |2 21 
100 0 |a Stenhouse, Lawrence  |e author  |9 540296 
245 1 0 |a Investigación y desarrollo del curriculum 
250 |a 3a. ed 
300 |a 319 p 
942 |c BK 
945 |d 20090827 00:00:00  |a dcastane 
260 |a Madrid  |b Morata  |c 1991 
650 0 |a Currículo  |9 307290 
650 0 |a Diseño curricular  |9 378490 
650 0 |a Enseñanza  |9 256457 
583 |a last modification  |c 20090827 00:00:00  |k Rodrigo Vera 
999 |c 335917  |d 335915 
952 |0 0  |1 0  |4 0  |6 375_001000000000000_STE_1991  |7 0  |8 A  |9 426769  |a BIBEDU  |b BIBEDU  |d 2019-11-22  |i 4594843  |o 375.001 STE 1991  |p 4594843  |r 2019-11-22  |w 2019-11-22  |y BK  |k BME